The Talent Sutra : (Record no. 195830)

MARC details
000 -LEADER
fixed length control field 00578nam a22001937a 4500
005 - DATE AND TIME OF LATEST TRANSACTION
control field 20230504120244.0
010 ## - LCCN (DPL NO)
LC control number ENG-136768
020 ## - INTERNATIONAL STANDARD BOOK NUMBER
International Standard Book Number 9789383064274
Terms of availability 399.00
035 ## - SYSTEM CONTROL NUMBER
System control number EN-120300
037 ## - SOURCE OF ACQUISITION
Source of stock number/acquisition DBAD/PUB
082 ## - DEWEY DECIMAL CLASSIFICATION NUMBER
Classification number 380
100 ## - MAIN ENTRY--PERSONAL NAME
Personal name Pattanaik,Devdutt
245 ## - TITLE STATEMENT
Title The Talent Sutra :
Statement of responsibility, etc By Devdutt Pattanaik
Remainder of title An Indian Approach to Learning /
250 ## - EDITION STATEMENT
Edition statement First
260 ## - PUBLICATION, DISTRIBUTION, ETC. (IMPRINT)
Place of publication, distribution, etc New Delhi
Name of publisher, distributor, etc Aleph Book Company
Date of publication, distribution, etc 2016
270 ## - ADDRESS
Address 7/16, Ansari Road Darya Ganj
City New Delhi
Postal code 110002
300 ## - PHYSICAL DESCRIPTION
Extent vxi,129p.;
Dimensions 21m(hbk)
942 ## - ADDED ENTRY ELEMENTS (KOHA)
Source of classification or shelving scheme Dewey Decimal Classification
Item type English Books
Classification part 380
Call number suffix PAT
Holdings
Withdrawn status Lost status Not for loan Collection code Home library Current library Date acquired Source of acquisition Cost, normal purchase price Full call number Barcode Copy number Cost, replacement price Koha item type
      Non-fiction Shahdara Branch Shahdara Branch 04/05/2023 DBAD/PUB 399.00 380 PAT EN-120300 1 399.00 English Books

© Delhi Public Library
Hit Counter
free hit counter